La ciencia del gobierno : (Record no. 163069)
[ view plain ]
| 000 -LEADER | |
|---|---|
| campo de control de longitud fija | 01188nam a22003375i 4500 |
| 001 - NÚMERO DE CONTROL | |
| campo de control | 163069 |
| 003 - IDENTIFICADOR DE NÚMERO DE CONTROL | |
| campo de control | ES-MaACL |
| 005 - FECHA Y HORA DE LA ÚLTIMA TRANSACCIÓN | |
| campo de control | 20250730063143.0 |
| 008 - DATOS DE LONGITUD FIJA--INFORMACIÓN GENERAL | |
| campo de control de longitud fija | 960304s18411842sp |||| | spa d |
| 040 ## - FUENTE DE CATALOGACIÓN | |
| Centro catalogador/agencia de origen | EUS |
| Lengua de catalogación | spa |
| Centro/agencia transcriptor | ES-MaACL |
| 080 ## - NÚMERO DE LA CLASIFICACIÓN DECIMAL UNIVERSAL | |
| Número de la Clasificación Decimal Universal | 342.1/.6 |
| 080 ## - NÚMERO DE LA CLASIFICACIÓN DECIMAL UNIVERSAL | |
| Número de la Clasificación Decimal Universal | 32 |
| 100 1# - ENTRADA PRINCIPAL--NOMBRE DE PERSONA | |
| Nombre de persona | Real de Curban, Gaspard de |
| Término indicativo de función/relación | Autor |
| 9 (RLIN) | 131637 |
| 245 13 - MENCIÓN DEL TÍTULO | |
| Título | La ciencia del gobierno : |
| Resto del título | obra de moral, de derecho y política / |
| Mención de responsabilidad, etc. | por Mr. de Real Gran Senescal de Forcalquier |
| 260 ## - PUBLICACIÓN, DISTRIBUCIÓN, ETC. | |
| Lugar de publicación, distribución, etc. | Barcelona : |
| Nombre del editor, distribuidor, etc. | [s.n.], |
| Fecha de publicación, distribución, etc. | 1841-1842 |
| Fabricante | (Imp. de los Herederos de Roca) |
| 300 ## - DESCRIPCIÓN FÍSICA | |
| Extensión | 2 volúmenes (XXIV, 537, [1] en blanco, 12 ; 417, [1] en blanco, 9 páginas) ; |
| Dimensiones | 25 cm |
| 596 ## - NOTA DE PIE DE IMPRENTA | |
| Nota | El imp. del v. III es Tomás Gaspar |
| 597 ## - NOTA A LA DESCRIPCION FISICA | |
| Nota | Signaturizado |
| 597 ## - NOTA A LA DESCRIPCION FISICA | |
| Nota | Antep. |
| 597 ## - NOTA A LA DESCRIPCION FISICA | |
| Nota | Apostillas marginales |
| 650 #7 - PUNTO DE ACCESO ADICIONAL DE MATERIA--TÉRMINO DE MATERIA | |
| Término de materia o nombre geográfico como elemento de entrada | Derecho político |
| 9 (RLIN) | 135897 |
| 650 #7 - PUNTO DE ACCESO ADICIONAL DE MATERIA--TÉRMINO DE MATERIA | |
| Término de materia o nombre geográfico como elemento de entrada | Política |
| Fuente del encabezamiento o término | embne |
| 9 (RLIN) | 140345 |
| 700 1# - ENTRADA AGREGADA--NOMBRE PERSONAL | |
| Nombre de persona | Gaspar, Tomás, |
| Fechas asociadas al nombre | fl. 1822-1856 |
| Término indicativo de función/relación | Impresor |
| 9 (RLIN) | 241432 |
| 710 2# - ENTRADA AGREGADA--NOMBRE DE ENTIDAD CORPORATIVA | |
| Nombre de entidad corporativa o nombre de jurisdicción como elemento de entrada | Roca, Herederos de |
| Término indicativo de función/relación | Impresor |
| 9 (RLIN) | 241433 |
| 752 ## - ENTRADA AGREGADA--NOMBRE JERÁRQUICO DEL LUGAR | |
| País o entidad superior | España - |
| Ciudad | Barcelona |
| 852 ## - LOCALIZACIÓN | |
| Ubicación | ES-MaACL |
| Ubicación en estantería | Sala Palomar |
| Número de control de estantería | C-3164-65 |
| Encuadernación | Pasta española |
| 942 ## - ELEMENTOS DE ENTRADA SECUNDARIOS (KOHA) | |
| Tipo de ítem Koha | Libro impreso antiguo |
| Suprimir en OPAC | No |
| Estatus retirado | Estado de pérdida | Estado de daño | No para préstamo | Colección | Biblioteca de origen | Biblioteca actual | Ubicación en estantería | Fecha de adquisición | Total de préstamos | Signatura topográfica completa | Código de barras | Visto por última vez | Precio de reemplazo | Tipo de ítem Koha |
|---|---|---|---|---|---|---|---|---|---|---|---|---|---|---|
| Libros del s. XIX | Biblioteca del Ateneo de Madrid | Biblioteca del Ateneo de Madrid | Depósito 2 | 17/01/2008 | C-3164-65 | 1170873 | 23/02/2023 | 23/02/2023 | Libro impreso antiguo |
